LAUTECH

A critical review of the methodology for assessing farm-level grain loss (Record no. 25148)

MARC details
000 -LEADER
fixed length control field 00265nam a2200097Ia 4500
008 - FIXED-LENGTH DATA ELEMENTS--GENERAL INFORMATION
fixed length control field 120527s9999 xx 000 0 und d
100 ## - MAIN ENTRY--AUTHOR
Author BOXALL, R.A
245 ## - TITLE STATEMENT
Title A critical review of the methodology for assessing farm-level grain loss
260 ## - PUBLICATION, DISTRIBUTION, ETC. (IMPRINT)
Name of publisher TDRI
942 ## - ADDED ENTRY ELEMENTS (KOHA)
Item type Books
Holdings
Not for loan Home library Current library Shelving location Date acquired Accen. No. Koha item type
  OLUSEGUN OKE LIBRARY LAUTECH OLUSEGUN OKE LIBRARY LAUTECH   28/05/2012 19749 Books